书目信息 |
| 题名: |
中国药茶
|
|
| 作者: | 张宏俊 编著 | |
| 分册: | ||
| 出版信息: | 北京 人民卫生出版社 1989.2 |
|
| 页数: | 196页 | |
| 开本: | 19厘米 | |
| 丛书名: | ||
| 单 册: | ||
| 中图分类: | R944.2 | |
| 科图分类: | ||
| 主题词: | 茶剂--验方 | |
| 电子资源: | ||
| ISBN: | 978-7-117-00932-4 | |
| 000 | 00663nam0 2200229 450 | |
| 001 | 0100267361 | |
| 005 | 20020928000000.0 | |
| 010 | @a978-7-117-00932-4@dCNY2.20 | |
| 100 | @a19900806d1989 m y0chiy0110 ea | |
| 101 | 0 | @achi |
| 102 | @aCN@b110000 | |
| 105 | @ay z 000yy | |
| 106 | @ar | |
| 200 | 1 | @a中国药茶@9Zhong Guo Yao Cha @f张宏俊等编著@b专著 |
| 210 | @a北京@c人民卫生出版社@d1989.2 | |
| 215 | @a196页@d19厘米 | |
| 330 | @a本书介绍了药茶的作用、制做与饮用,收集药茶方500余个。 | |
| 606 | 0 | @a茶剂@x验方 |
| 690 | @aR944.2@v1980 | |
| 701 | 0 | @a张宏俊@9zhang hong jun@4编著 |
| 801 | 0 | @aCN@bAiZhiMarc@c19900806 |
| 905 | @aBZT@dR944.2@e1@f2@sR944.2/1 | |
| 中国药茶/张宏俊等编著.-北京:人民卫生出版社,1989.2 |
| 196页;19厘米 |
| ISBN 978-7-117-00932-4:CNY2.20 |
| 本书介绍了药茶的作用、制做与饮用,收集药茶方500余个。 |
| ● |
| 相关链接 |
|
|
|
正题名:中国药茶
索取号:R944.2/1
 
预约/预借
| 序号 | 登录号 | 条形码 | 馆藏地/架位号 | 状态 | 备注 |